| 000 | 00468nam a22001817a 4500 | ||
|---|---|---|---|
| 003 | CEME | ||
| 005 | 20210628205519.0 | ||
| 008 | 210305b xxu||||| |||| 00| 0 eng d | ||
| 020 | _a0-8247-7494-9 | ||
| 040 | _c. | ||
| 082 | _a629.8045 LAN'I | ||
| 100 |
_aSchrader, Lawrence F Lansky, Z. J _975858 |
||
| 245 | _aIndustrial pneumatic control | ||
| 260 |
_aNEWYORK _bMARCEL DEKKER _c1986 |
||
| 300 | _a249P | ||
| 650 |
_aPNEUMATIC CONTROL _975859 |
||
| 942 |
_cBK _2ddc |
||
| 999 |
_c581268 _d581268 |
||